Lord Dragón. Batalla épica [juego] : puzzle /

Guardado en:
Formato: Objeto Físico
Publicado: Argentina : Implás, 2010.
Materias:
Etiquetas: Agregar Etiqueta
Sin Etiquetas, Sea el primero en etiquetar este registro!
LEADER 00564nrm a22001455g 4500
001 CEM.cems019568
008 220923s2010##################0###0#####d
005 20220923175359.0
245 0 0 |a Lord Dragón. Batalla épica [juego] :  |b puzzle /  |c Implás. 
260 |a Argentina :  |b Implás,  |c 2010. 
300 |a 1 juego (510 piezas de cartón) ; en caja 30.5 x 69.5 x 4 cm. 
500 |a Para 1 ó más jugadores a partir de 3 años objetivo: armar el rompecabezas. 
082 0 4 |a J793.73 
653 |a 1. juegos de rompecabezas 
859 |a CEMS  |b BIB. CEMS - Ludoteca  |h J793.73  |i Im7  |p 463.22  |t Ej.1